Statistics for Σε ποια χώρα ανήκει το μνημείο; #1

Click here to take the quiz!

General Stats

  • This quiz has been taken 279 times
  • The average score is 11 of 20

Answer Stats

Answer% Correct
Γαλλία
100%
Ιταλία
94%
Ελλάδα
85%
Βραζιλία
82%
Ισπανία
66%
Ηνωμένες Πολιτείες
63%
Ηνωμένο Βασίλειο
63%
Τουρκία
63%
Ρωσία
59%
Ινδία
55%
Αίγυπτος
54%
Δανία
54%
Περού
48%
Ηνωμένα Αραβικά Εμιράτα
43%
Αυστραλία
30%
Μαλαισία
25%
Σαουδική Αραβία
25%
Καμπότζη
25%
Βέλγιο
24%
Μαλί
5%

Score Distribution

Percentile by Number Answered

Percent of People with Each Score

Your Score History

You have not taken this quiz